00632nam a2200217 a 4500001001300000003000900013005001700022008004100039020002300080082001500103245002600118260003100144300000900175500003500184505002400219710002300243902000800266942000700274952011600281999001700397nice12345678IN_TiNIC20260116014053.0050524s2004 dela grp 000 0 eng  a0670057916 c39500a923.6bPEN aProphets of New India aDelhibPenguin Booksc2004 a269p aincludes index and biblioraphy2 aBibliography, Index2 aPenguin Publishers bSRS cBK 001040708StackRoom-aHMIbHMId2011-11-03g395.00l0o923.6 PENp020856r2011-11-03v395.00w2005-05-24yBK c13743d13743